000 00293nam a22001337a 4500
008 190311b xxu||||| |||| 00| 0 eng d
020 _a9780617910014
041 _aeng
080 _a510
100 _a36
101 _aMAT
245 _aBrief applied calculus
_cWilson,F.C
942 _2udc
_cBK
999 _c54669
_d54669